Statistics for Top 10 most popular foods for Christmas in the UK

Click here to take the quiz!

General Stats

  • This quiz has been taken 224 times
  • The average score is 6 of 10

Answer Stats

Food% Correct
3Turkey
98%
9Christmas Pudding
70%
1Roast Potatoes
70%
8Brussel Sprouts
62%
2Carrots
54%
4Gravy
51%
5Stuffing
50%
6Pigs in Blankets
42%
10Yorkshire Pudding
38%
7Parsnips
29%

Score Distribution

Percentile by Number Answered

Percent of People with Each Score

Your Score History

You have not taken this quiz